[Event "5th Classic Open 2013"]
[Site "London ENG"]
[Date "2013.12.13"]
[Round "7.26"]
[White "Bukojemski, Adam"]
[Black "Hebden, Mark L"]
[Result "0-1"]
[BlackTitle "GM"]
[WhiteElo "2243"]
[BlackElo "2560"]
[WhiteFideId "1114620"]
[BlackFideId "400084"]
[EventDate "2013.12.07"]

1. e4 e5 2. Nf3 Nc6 3. d4 exd4 4. Nxd4 Nf6 5. Nxc6 bxc6 6. e5 Ne4 7. Qe2 Nc5 8.
g3 Be7 9. Bg2 O-O 10. O-O Ba6 11. c4 Ne6 12. Rd1 Qe8 13. Nd2 f5 14. Nf3 Rd8 15.
b3 c5 16. Ne1 Nd4 17. Qd2 d6 18. Bd5+ Kh8 19. Qa5 Bc8 20. Rxd4 cxd4 21. Qxc7 Rd7
22. Qb8 dxe5 23. Qxe5 Bf6 24. Qxe8 Rxe8 25. Nd3 Rxd5 26. cxd5 Ba6 27. Nc5 Re1+
28. Kg2 Bf1+ 29. Kf3 d3 30. d6 Bxa1 0-1

[Event "5th Classic Open 2013"]
[Site "London ENG"]
[Date "2013.12.13"]
[Round "7.28"]
[White "Zumsande, Martin"]
[Black "Stigar, Petter"]
[Result "1-0"]
[WhiteTitle "IM"]
[BlackTitle "FM"]
[WhiteElo "2430"]
[BlackElo "2240"]
[WhiteFideId "4651324"]
[BlackFideId "1500341"]
[EventDate "2013.12.07"]

1. e4 e5 2. Nf3 Nc6 3. d4 exd4 4. Nxd4 Nf6 5. Nxc6 bxc6 6. e5 Qe7 7. Qe2 Nd5 8.
c4 Nb6 9. Nc3 a5 10. Bd2 Ba6 11. Qe4 g6 12. f4 Bg7 13. O-O-O O-O 14. h4 Rfe8 15.
h5 Bxc4 16. hxg6 hxg6 17. Bxc4 d5 18. Bxd5 cxd5 19. Nxd5 Nxd5 20. Qxd5 Red8 21.
Qc4 1-0

[Event "5th Classic Open 2013"]
[Site "London ENG"]
[Date "2013.12.13"]
[Round "7.29"]
[White "Williamson, Roger G"]
[Black "Fernandez, Daniel Howard"]
[Result "1/2-1/2"]
[BlackTitle "IM"]
[WhiteElo "2150"]
[BlackElo "2381"]
[WhiteFideId "414620"]
[BlackFideId "5801605"]
[EventDate "2013.12.07"]

1. d4 Nf6 2. c4 g6 3. Nc3 Bg7 4. e4 O-O 5. h3 c5 6. d5 d6 7. Bd3 a6 8. Nge2 b5
9. cxb5 axb5 10. Bxb5 Ba6 11. Bxa6 Nxa6 12. Rb1 c4 13. O-O Nb4 14. a3 Nd3 15.
Be3 Nd7 16. b3 Rxa3 17. Nb5 Ra8 18. bxc4 N7c5 19. Ned4 Qd7 20. Qc2 Ra4 21. Nb3
Rfa8 22. Nxc5 Nxc5 23. Bxc5 dxc5 24. Qd3 g5 25. Qe3 Rxc4 26. Rfc1 Rxc1+ 27. Qxc1
g4 28. Qxc5 gxh3 29. gxh3 Qxh3 30. Qxe7 Qd3 31. Qb4 Be5 32. Qb3 Qxe4 33. d6 Kh8
34. Rd1 Rg8+ 35. Kf1 Qg2+ 36. Ke2 Qe4+ 37. Qe3 Qc2+ 38. Rd2 Qc4+ 39. Qd3 Qg4+
40. Qf3 Qd7 41. Nc7 Rg6 42. Qa8+ Kg7 43. Ne8+ Kh6 44. Qh1+ Kg5 45. f4+ Kxf4 46.
Qf3+ Kg5 47. Qg2+ Kh6 48. Qh1+ Kg5 49. Qg2+ 1/2-1/2

[Event "5th Classic Open 2013"]
[Site "London ENG"]
[Date "2013.12.13"]
[Round "7.30"]
[White "Maryasin, Boris"]
[Black "Jetzl, Joerg"]
[Result "0-1"]
[WhiteTitle "IM"]
[WhiteElo "2342"]
[BlackElo "2213"]
[WhiteFideId "2801892"]
[BlackFideId "1601172"]
[EventDate "2013.12.07"]

1. e4 e6 2. d4 d5 3. e5 c5 4. c3 Qb6 5. Nf3 Nc6 6. a3 f6 7. b4 fxe5 8. Nxe5 Nxe5
9. dxe5 a5 10. bxa5 Qc7 11. f4 c4 12. Be3 Bc5 13. Bd4 Ne7 14. Nd2 Bxd4 15. cxd4
Qxa5 16. Kf2 O-O 17. g3 Qc3 18. Nf3 Rxa3 19. Rxa3 Qxa3 20. Qb1 Nf5 21. Qe1 Bd7
22. Bh3 g6 23. Qd2 Ra8 24. g4 Ne7 25. Rc1 b5 26. Bg2 b4 27. Kf1 c3 28. Qe3 Qb2
29. Ne1 Qd2 0-1

[Event "5th Classic Open 2013"]
[Site "London ENG"]
[Date "2013.12.13"]
[Round "7.31"]
[White "Ben Artzi, Ido"]
[Black "Okike, David"]
[Result "1/2-1/2"]
[WhiteElo "2341"]
[BlackElo "2150"]
[WhiteFideId "2810913"]
[BlackFideId "8500134"]
[EventDate "2013.12.07"]

1. d4 Nf6 2. c4 e6 3. Nc3 Bb4 4. e3 O-O 5. Bd3 d5 6. Nf3 c5 7. O-O Nc6 8. cxd5
exd5 9. dxc5 Bxc5 10. h3 a6 11. b3 h6 12. Bb2 Be6 13. Rc1 Qe7 14. Ne2 Ba3 15.
Bxa3 Qxa3 16. Bb1 Rac8 17. Nfd4 Rfd8 18. Nxe6 fxe6 19. Nf4 Qe7 20. Ng6 Qd6 21.
f4 Ne7 22. Ne5 Nc6 23. Ng6 Ne7 24. Qd4 Nxg6 25. Bxg6 Rc6 26. Rxc6 Qxc6 27. Rf2
Qc1+ 28. Kh2 Qc7 29. Rc2 Qd6 30. Qc5 Qxc5 31. Rxc5 Kf8 32. Kg3 Ke7 33. Kf3 Kd6
34. Rc2 e5 35. fxe5+ Kxe5 36. Rc7 Rd7 37. Rc8 Re7 38. b4 Nd7 39. Rd8 Nb6 40. Bd3
Nd7 41. a4 Nf6 42. Rc8 Kd6 43. Bf5 Ke5 44. Bd3 Nd7 45. Rd8 Nf6 46. Rc8 Kd6 47.
Bf5 Ke5 48. g4 Ne8 49. e4 dxe4+ 50. Bxe4 Nf6 51. Bf5 Nd5 52. Rc4 Nf6 53. a5 Kd5
54. Rc8 Ke5 55. Rb8 Ne8 56. Rc8 Nd6 57. Rc5+ Kd4 58. Bg6 Re6 59. Bh7 Re3+ 60.
Kg2 g5 61. Bg8 Re5 62. Rc7 Rb5 63. Rd7 Ke5 64. Rc7 Kf4 65. Rd7 Ne4 66. Bd5 Rxb4
67. Rxb7 Ra4 68. Rf7+ Ke5 69. Rf5+ Kd4 70. Bxe4 Kxe4 71. Rf6 Rxa5 72. Rxh6 Ra2+
73. Kg3 Ra3+ 74. Kg2 Ra2+ 1/2-1/2

[Event "5th Classic Open 2013"]
[Site "London ENG"]
[Date "2013.12.13"]
[Round "7.32"]
[White "Bates, Richard A"]
[Black "Farrand, Tom"]
[Result "1/2-1/2"]
[WhiteTitle "IM"]
[WhiteElo "2338"]
[BlackElo "2149"]
[WhiteFideId "403555"]
[BlackFideId "406457"]
[EventDate "2013.12.07"]

1. d4 e6 2. Nf3 f5 3. g3 Nf6 4. Bg2 Be7 5. O-O O-O 6. c4 d6 7. Nc3 Ne4 8. Qd3
Nxc3 9. bxc3 Nc6 10. e4 e5 11. dxe5 dxe5 12. Qd5+ Kh8 13. Qxd8 Bxd8 14. Ba3 Re8
15. Rfe1 Bf6 16. Rab1 Rb8 17. Bh3 g6 18. Bc1 Be6 1/2-1/2

[Event "5th Classic Open 2013"]
[Site "London ENG"]
[Date "2013.12.13"]
[Round "7.33"]
[White "Franklin, Samuel G A"]
[Black "Smith, Andrew Philip"]
[Result "1/2-1/2"]
[WhiteTitle "FM"]
[BlackTitle "FM"]
[WhiteElo "2306"]
[BlackElo "2132"]
[WhiteFideId "468576"]
[BlackFideId "2500833"]
[EventDate "2013.12.07"]

1. e4 e5 2. Nf3 Nc6 3. Bb5 Qf6 4. O-O Bd6 5. c3 Nge7 6. d4 h6 7. Be3 Ng6 8. Nbd2
O-O 9. Nc4 a6 10. Nxd6 Qxd6 11. Bxc6 Qxc6 12. Nxe5 Nxe5 13. dxe5 Qxe4 14. Qd4
Qf5 15. Qc5 Re8 16. Qxc7 Rxe5 17. Bd4 Re6 18. Rfe1 b5 19. Re3 Rxe3 20. fxe3 Qd5
21. Qg3 Qg5 22. Qf3 d5 23. Rf1 1/2-1/2

[Event "5th Classic Open 2013"]
[Site "London ENG"]
[Date "2013.12.13"]
[Round "7.35"]
[White "Sathyanandha, Saravanan"]
[Black "Sreeves, Clement"]
[Result "0-1"]
[WhiteElo "2144"]
[BlackElo "2251"]
[WhiteFideId "470929"]
[BlackFideId "2402564"]
[EventDate "2013.12.07"]

1. e4 e5 2. Bc4 Nf6 3. d3 Nc6 4. Nc3 Na5 5. Qf3 d6 6. Nge2 Be7 7. h3 Be6 8. b3
O-O 9. O-O a6 10. a4 b6 11. Nd5 Bxd5 12. exd5 c6 13. b4 Nxc4 14. dxc4 cxd5 15.
cxd5 Qc7 16. Qb3 Rac8 17. c3 Qc4 18. Qxc4 Rxc4 19. Rd1 a5 20. Be3 axb4 21. Bxb6
bxc3 22. a5 c2 23. Rd3 Rfc8 24. Nc1 Rb4 25. Be3 e4 26. Rd2 Rb5 27. a6 Nxd5 28.
a7 Ra8 29. Rxc2 Nxe3 30. fxe3 Rb7 31. Rca2 Bf6 32. Nb3 Bxa1 0-1

[Event "5th Classic Open 2013"]
[Site "London ENG"]
[Date "2013.12.13"]
[Round "7.36"]
[White "Hamitevici, Vladimir"]
[Black "Tozer, Philip A A"]
[Result "1-0"]
[WhiteTitle "IM"]
[WhiteElo "2508"]
[BlackElo "2141"]
[WhiteFideId "13902393"]
[BlackFideId "419982"]
[EventDate "2013.12.07"]

1. d4 e6 2. c4 Nf6 3. g3 Bb4+ 4. Bd2 c5 5. Bxb4 cxb4 6. Bg2 O-O 7. Nf3 d6 8. O-O
a5 9. Re1 Qe7 10. a3 Na6 11. e4 e5 12. h3 Qc7 13. b3 bxa3 14. Nxa3 Bd7 15. c5
dxc5 16. dxe5 Ne8 17. Nc4 Be6 18. Ne3 Nb4 19. Nd5 Qd7 20. Ng5 h6 21. Nb6 Qxd1
22. Rexd1 Bxb3 23. Nxa8 Bxd1 24. e6 Bb3 25. e7 hxg5 26. Nb6 Nd6 27. exf8=Q+ Kxf8
28. Rxa5 c4 29. e5 Nf5 30. Rc5 Nd3 31. Rc8+ Ke7 32. Be4 g6 33. Nxc4 Bxc4 34.
Rxc4 Nxe5 35. Rc7+ Ke6 36. Bxf5+ Kxf5 37. Rxb7 Kf6 38. Kf1 Nd3 39. Ke2 Nc5 40.
Rb5 Ne6 41. Ke3 1-0

[Event "5th Classic Open 2013"]
[Site "London ENG"]
[Date "2013.12.13"]
[Round "7.37"]
[White "Ortega Ruiz, Jose Miguel"]
[Black "Warman, Simon M"]
[Result "1-0"]
[WhiteTitle "FM"]
[WhiteElo "2366"]
[BlackElo "2119"]
[WhiteFideId "2209713"]
[BlackFideId "408867"]
[EventDate "2013.12.07"]

1. d4 c5 2. d5 d6 3. e4 Nf6 4. Nd2 g6 5. g3 Bg7 6. Bg2 O-O 7. Ne2 e6 8. c4 exd5
9. cxd5 Re8 10. O-O b5 11. h3 a5 12. Kh2 a4 13. a3 Bb7 14. f4 Na6 15. Nc3 Qb6
16. Re1 c4 17. Nf3 Nc5 18. Be3 Nfxe4 19. Nxe4 Rxe4 20. Bxc5 Qxc5 21. Rxe4 Bxb2
22. Re7 c3 23. Ne1 b4 24. Nd3 c2 25. Nxc5 cxd1=Q 26. Rxd1 dxc5 27. Rxb7 bxa3 28.
d6 Bd4 29. Bd5 Rd8 30. Rxf7 Kh8 31. Re1 Rb8 32. d7 1-0

[Event "5th Classic Open 2013"]
[Site "London ENG"]
[Date "2013.12.13"]
[Round "7.38"]
[White "Crouch, Colin S"]
[Black "Friedland, Jon S"]
[Result "1-0"]
[WhiteTitle "IM"]
[BlackTitle "CM"]
[WhiteElo "2362"]
[BlackElo "2089"]
[WhiteFideId "400947"]
[BlackFideId "408484"]
[EventDate "2013.12.07"]

1. c4 Nf6 2. Nc3 d6 3. g3 g6 4. Bg2 Bg7 5. d4 O-O 6. e3 Nc6 7. Nge2 a6 8. O-O
Rb8 9. b3 Bd7 10. a4 a5 11. Ba3 Re8 12. Rc1 Nb4 13. Nd5 Nbxd5 14. cxd5 b5 15.
axb5 Bxb5 16. Re1 Qd7 17. Nc3 Rec8 18. e4 e6 19. Bh3 Qe7 20. dxe6 Rf8 21. e5
fxe6 22. exf6 Qxf6 23. Ne4 Qe7 24. Qd2 Kh8 25. d5 e5 26. Qxa5 Rb7 27. Qc3 Bd7
28. Bxd7 Qxd7 29. Qe3 Qg4 30. Kg2 Rfb8 31. b4 Ra8 32. Rc3 h6 33. f3 Qf5 34. Re2
Qf7 35. Rd2 g5 36. g4 Rb5 37. Rcd3 Rb7 38. Ng3 Rba7 39. Nf5 Qd7 40. h4 e4 41.
fxe4 Be5 42. hxg5 hxg5 43. Bb2 1-0

[Event "5th Classic Open 2013"]
[Site "London ENG"]
[Date "2013.12.13"]
[Round "7.39"]
[White "Maduekwe, Chiedu"]
[Black "Chapman, Terry P D"]
[Result "0-1"]
[BlackTitle "FM"]
[WhiteElo "2126"]
[BlackElo "2309"]
[WhiteFideId "8500118"]
[BlackFideId "413399"]
[EventDate "2013.12.07"]

1. d4 d6 2. c4 e5 3. Nf3 e4 4. Nfd2 f5 5. Nc3 Nf6 6. g3 g6 7. Bg2 Bg7 8. f3 exf3
9. exf3 O-O 10. O-O c6 11. Re1 Re8 12. Nf1 Be6 13. b3 Na6 14. Bf4 Nc7 15. h3 b5
16. d5 cxd5 17. cxb5 d4 18. Ne2 Nfd5 19. Nxd4 Nxf4 20. gxf4 Bf7 21. Rxe8+ Qxe8
22. a4 Nd5 23. Qd2 Qd8 24. Ng3 Qh4 25. Nge2 Bh6 26. Qa5 Nxf4 0-1

[Event "5th Classic Open 2013"]
[Site "London ENG"]
[Date "2013.12.13"]
[Round "7.40"]
[White "Hebbes, Tim"]
[Black "Osborne, Marcus E"]
[Result "1-0"]
[WhiteElo "2104"]
[BlackElo "2286"]
[WhiteFideId "406570"]
[BlackFideId "404608"]
[EventDate "2013.12.07"]

1. Nf3 Nf6 2. g3 g6 3. Bg2 Bg7 4. O-O O-O 5. d4 d6 6. c4 Nbd7 7. Nc3 e5 8. dxe5
dxe5 9. e4 c6 10. b3 Qe7 11. a4 Nc5 12. Ba3 a5 13. Qc2 b6 14. Rad1 Bg4 15. h3
Bxf3 16. Bxf3 Rfd8 17. Kg2 Bf8 18. Bb2 h5 19. h4 Ne6 20. Ne2 Nd7 21. Kh2 Qf6 22.
Bg2 Ndc5 23. f4 Rxd1 24. Rxd1 Rd8 25. Bxe5 Qe7 26. Bc3 Rd7 27. Nd4 Nxf4 28. Nxc6
Qe8 29. gxf4 Rxd1 30. Qxd1 Qxc6 31. Qd4 f6 32. e5 Qc8 33. exf6 Qf5 34. Bd5+ Ne6
35. Bxe6+ Qxe6 36. Qd5 Kf7 37. Kg3 Bc5 38. Kf3 Bg1 39. Be5 Bc5 40. Bc3 Bg1 41.
Bb2 Bc5 42. Ba1 Bg1 43. Bc3 Bc5 44. Bb2 Bg1 45. Qb7+ Ke8 46. Qb8+ Kd7 47. Qa7+
Ke8 48. Qa8+ Kf7 49. Qb7+ Ke8 50. f7+ Kf8 51. Ba3+ Bc5 52. Bxc5+ bxc5 53. Qa8+
Kxf7 54. Qd5 Qxd5+ 55. cxd5 Ke7 56. Ke3 Kd7 57. Kd3 Kc7 58. Kc3 Kd7 59. Kc4 Kd6
60. Kb5 Kxd5 61. Kxa5 Ke4 62. Kb6 Kxf4 63. a5 g5 64. hxg5 1-0

[Event "5th Classic Open 2013"]
[Site "London ENG"]
[Date "2013.12.13"]
[Round "7.41"]
[White "Grove, Michael"]
[Black "Roe, Simon J"]
[Result "1/2-1/2"]
[WhiteElo "2091"]
[BlackElo "2263"]
[WhiteFideId "2403943"]
[BlackFideId "401471"]
[EventDate "2013.12.07"]

1. e4 c5 2. Nc3 e6 3. Nf3 a6 4. d4 cxd4 5. Nxd4 Qc7 6. Bd3 Nf6 7. O-O Bc5 8. Nb3
Be7 9. f4 d6 10. Bd2 Nc6 11. a4 b6 12. Qf3 Bb7 13. Ne2 O-O 14. a5 b5 15. Ng3
Rfe8 16. Nh5 g6 17. Ng3 Bf8 18. Be3 Bg7 19. Bb6 Qe7 20. c3 Rac8 21. Rae1 Nd7 22.
Bf2 Nc5 23. Nxc5 dxc5 24. Ra1 Red8 25. Qe3 e5 26. f5 Rd7 27. Be2 Bf8 28. fxg6
hxg6 29. Bg4 Rdd8 30. Bxc8 Bxc8 31. Kh1 Be6 32. Rfd1 Rxd1+ 33. Rxd1 Nxa5 34. Ra1
Nc4 35. Qe2 Qb7 36. Nf1 Qc6 37. b3 Nd6 38. Nd2 Bh6 39. Be3 Bg7 40. Bf2 Bh6 41.
Be3 Bg7 42. Qf2 c4 43. b4 Nxe4 44. Nxe4 Qxe4 45. Rxa6 Qb1+ 46. Qg1 Qd3 47. Ra8+
Kh7 48. Qe1 Bf6 49. Rb8 Qe4 1/2-1/2

[Event "5th Classic Open 2013"]
[Site "London ENG"]
[Date "2013.12.13"]
[Round "7.42"]
[White "Coleman, David J"]
[Black "Johannesson, Oliver"]
[Result "0-1"]
[WhiteTitle "CM"]
[WhiteElo "2257"]
[BlackElo "2078"]
[WhiteFideId "402087"]
[BlackFideId "2305623"]
[EventDate "2013.12.07"]

1. e4 c5 2. Nf3 d6 3. d4 cxd4 4. Nxd4 Nf6 5. Nc3 a6 6. Be2 e5 7. Nb3 Be7 8. Be3
Be6 9. O-O O-O 10. a4 Nbd7 11. f4 Qc7 12. Kh1 Rac8 13. a5 Rfe8 14. Ra4 Nc5 15.
Nxc5 dxc5 16. fxe5 Rcd8 17. Qe1 Nd7 18. Qg3 Nxe5 19. Bf4 Bd6 20. Rd1 f6 21. Nd5
Qf7 22. Raa1 Kh8 23. Qf2 Qg6 24. Nc3 Qf7 25. Rd2 Qe7 26. Rad1 Bc7 27. Nd5 Bxd5
28. Rxd5 Rxd5 29. exd5 Bd6 30. h3 Nf7 31. Bxd6 Qxd6 32. Bf3 Ne5 33. Re1 Rd8 34.
Rd1 g6 35. b3 Kg7 36. g3 Qc7 37. Ra1 Nxf3 38. Qxf3 Qd7 39. Kg2 Qxd5 40. Qxd5
Rxd5 41. Kf3 Kf7 42. Ra4 Ke6 43. Re4+ Re5 44. Rh4 h5 45. g4 Kd6 46. c3 Ke6 47.
gxh5 Rxh5 48. Rxh5 gxh5 49. Kf4 f5 50. h4 Kf6 51. c4 Ke6 52. Kg5 Ke5 53. Kxh5
Kf6 0-1

[Event "5th Classic Open 2013"]
[Site "London ENG"]
[Date "2013.12.13"]
[Round "7.44"]
[White "Balint, Vilmos"]
[Black "Buyandalai, Tumen"]
[Result "1-0"]
[WhiteElo "2214"]
[BlackElo "2074"]
[WhiteFideId "718050"]
[BlackFideId "4901916"]
[EventDate "2013.12.07"]

1. f4 Nf6 2. Nf3 g6 3. d3 d5 4. g3 b6 5. Bg2 Bb7 6. O-O Bg7 7. Ne5 e6 8. Nd2 c5
9. c3 O-O 10. Qa4 Qc7 11. Ndf3 Ne8 12. Be3 Nd6 13. b4 f6 14. bxc5 bxc5 15. Ng4
Nd7 16. Rab1 Bc6 17. Qa3 Nb5 18. Qc1 Qa5 19. c4 Nc3 20. Qe1 Rab8 21. Rc1 d4 22.
Nxd4 Bxg2 23. Nxe6 Rfe8 24. Nxg7 Kxg7 25. Kxg2 h5 26. Ne5 Nxe5 27. fxe5 Rxe5 28.
Rf3 Rbe8 29. Bf2 Rxe2 30. Qxc3 Qxc3 31. Rxc3 Rxa2 32. Rb3 Re7 33. Rb5 Rc7 34.
Re3 a6 35. Rb6 Rd7 36. Rf3 f5 37. Re3 h4 38. gxh4 Rd4 39. Re7+ Kh6 40. Kf3 Rxd3+
41. Be3+ f4 42. Kxf4 Rxe3 43. Rxe3 Rxh2 44. Kg3 Rc2 45. Re4 Kh5 46. Rxa6 Kh6 47.
Kf4 Kh5 48. Ke5 Rd2 49. Ra5 1-0

[Event "5th Classic Open 2013"]
[Site "London ENG"]
[Date "2013.12.13"]
[Round "7.45"]
[White "Semprun Martinez, Fernando"]
[Black "Burke, John S"]
[Result "1-0"]
[WhiteElo "2213"]
[BlackElo "2045"]
[WhiteFideId "2203170"]
[BlackFideId "404322"]
[EventDate "2013.12.07"]

1. e4 Nc6 2. Nf3 d6 3. d4 g6 4. d5 Nb8 5. Nc3 Bg7 6. h3 Nf6 7. Bd3 O-O 8. O-O b6
9. Qe2 Bb7 10. a4 c6 11. Bc4 Qc8 12. Bg5 Nbd7 13. Rad1 Re8 14. Rfe1 h6 15. Bc1
Qc7 16. dxc6 Bxc6 17. Nd4 Bb7 18. Nd5 Nxd5 19. exd5 a6 20. c3 Ne5 21. Ba2 Rac8
22. f4 Nd7 23. f5 g5 24. h4 Qc5 25. hxg5 Bxd5 26. gxh6 Bxa2 27. Qg4 1-0

[Event "5th Classic Open 2013"]
[Site "London ENG"]
[Date "2013.12.13"]
[Round "7.48"]
[White "Ilfeld, Etan"]
[Black "Samaganova, Alexandra"]
[Result "1-0"]
[WhiteElo "2178"]
[BlackElo "2033"]
[WhiteFideId "2803470"]
[BlackFideId "13800221"]
[EventDate "2013.12.07"]

1. e4 c5 2. Nf3 e6 3. d4 cxd4 4. Nxd4 a6 5. Nc3 b5 6. Bd3 Bb7 7. O-O Qc7 8. Re1
d6 9. a4 bxa4 10. Rxa4 Nf6 11. Be3 Be7 12. Qe2 O-O 13. Rea1 Nfd7 14. Nb3 Ne5 15.
Na5 Nxd3 16. Qxd3 f5 17. Rc4 Qd7 18. f3 fxe4 19. fxe4 d5 20. Rca4 Bf6 21. Bd4 e5
22. Bf2 d4 23. Nb1 Qf7 24. Nd2 Bg5 25. Nf3 Bf6 26. Bg3 Re8 27. Nc4 Qc7 28. Ncxe5
Bxe5 29. Nxe5 Qb6 30. Qc4+ Qe6 31. Qxe6+ Rxe6 32. Rxd4 Nc6 33. Nxc6 Bxc6 34. e5
Rb8 35. b3 Bb5 36. Rd6 Re7 37. h3 Kf7 38. Kf2 Ke8 39. Ke3 Rc7 40. Kd2 h6 41. e6
Rbc8 42. c4 Bc6 43. Rxa6 Bxg2 44. h4 Rb7 45. Kc3 g5 46. hxg5 hxg5 47. Rd2 Be4
48. Bd6 Rh7 49. Rf2 Rh3+ 50. Kd4 Bf3 51. Ra7 g4 52. Re7+ Kd8 53. Rg7 Rh8 54. Ra2
Ke8 55. Raa7 Bc6 56. Rxg4 1-0

[Event "5th Classic Open 2013"]
[Site "London ENG"]
[Date "2013.12.13"]
[Round "7.49"]
[White "Josse, Mark"]
[Black "Vachtfeidl, Petr"]
[Result "1/2-1/2"]
[WhiteElo "2173"]
[BlackElo "1985"]
[WhiteFideId "414476"]
[BlackFideId "315028"]
[EventDate "2013.12.07"]

1. c4 g6 2. g3 Bg7 3. Bg2 c5 4. Nc3 Nc6 5. Nf3 d6 6. O-O e5 7. a3 a5 8. Ne1 Be6
9. d3 Nge7 10. Nc2 d5 11. cxd5 Nxd5 12. Ne3 Nde7 13. Rb1 O-O 14. Nc2 Bb3 15. Qd2
Rc8 16. Na1 Be6 17. b3 b6 18. e3 Qd7 19. Rd1 Rfd8 20. Nc2 Bg4 21. f3 Bf5 22. Ne4
Bh3 23. Bh1 h6 24. Bb2 Be6 25. Ba1 f5 26. Nf2 Nd5 27. Qe1 Qf7 28. Bg2 Rd7 29.
Bf1 Rdc7 30. Rdc1 Nde7 31. Qc3 Nd5 32. Qe1 Kh7 33. Be2 Nde7 34. Qc3 Nd5 35. Qd2
Nde7 36. Qc3 Nd5 37. Qd2 1/2-1/2

[Event "5th Classic Open 2013"]
[Site "London ENG"]
[Date "2013.12.13"]
[Round "7.50"]
[White "Ditmas, Hugh"]
[Black "Stanisz, Patryk"]
[Result "0-1"]
[WhiteElo "2034"]
[BlackElo "2165"]
[WhiteFideId "1270666"]
[BlackFideId "1123106"]
[EventDate "2013.12.07"]

1. e4 c5 2. Nf3 Nc6 3. d4 cxd4 4. Nxd4 Nf6 5. Nc3 e5 6. Ndb5 d6 7. Bg5 a6 8. Na3
b5 9. Nd5 Qa5+ 10. Bd2 Qd8 11. Bd3 Nxd5 12. exd5 Ne7 13. c4 bxc4 14. Nxc4 Qc7
15. Rc1 Qb8 16. Qa4+ Bd7 17. Qa5 Nc8 18. O-O f5 19. f3 Be7 20. Be3 Bd8 21. Qd2
O-O 22. Na5 Bb6 23. Rc2 Ba4 24. b3 Bb5 25. Nc6 Bxe3+ 26. Qxe3 Qb7 27. Rfc1 Ne7
28. Nxe7+ Qxe7 29. Rc7 Qf6 30. a4 Bxd3 31. Qxd3 e4 32. Qc3 Qg5 33. f4 Qg4 34. h3
Qg6 35. Re1 Rae8 36. Re3 Qh6 37. Rg3 Rf7 38. Qc6 Ref8 39. Rxf7 Rxf7 40. Qxa6
Qxf4 41. Qc8+ Rf8 42. Qe6+ Kh8 43. Rc3 h6 44. Rc8 Rxc8 45. Qxc8+ Kh7 46. Qc2 Qe5
47. Qd1 Qc3 48. Kf1 f4 49. Ke2 Qg3 50. Kf1 f3 51. Qc2 fxg2+ 52. Qxg2 Qd3+ 53.
Qe2 Qxd5 54. a5 Qf5+ 55. Kg2 Qg5+ 56. Qg4 Qd2+ 57. Kg1 Qc1+ 58. Kg2 Qc2+ 59. Kg1
e3 60. Kf1 Qf2# 0-1

[Event "5th Classic Open 2013"]
[Site "London ENG"]
[Date "2013.12.13"]
[Round "7.51"]
[White "Mende, Andreas"]
[Black "Boger, Raymond"]
[Result "1-0"]
[WhiteTitle "CM"]
[WhiteElo "2161"]
[BlackElo "1937"]
[WhiteFideId "4631102"]
[BlackFideId "1507419"]
[EventDate "2013.12.07"]

1. d4 Nf6 2. c4 g6 3. g3 Bg7 4. Bg2 O-O 5. Nc3 d6 6. Nf3 Nc6 7. O-O Rb8 8. h3 a6
9. e4 e5 10. d5 Na5 11. Qe2 c5 12. dxc6 bxc6 13. Rd1 Be6 14. c5 Bc4 15. Qc2 Ne8
16. b4 Rxb4 17. Ba3 Rb7 18. cxd6 Nb3 19. axb3 Bxb3 20. Qb2 Bxd1 21. Qxb7 Bxf3
22. Bxf3 Nxd6 23. Qxc6 Qc8 24. Qxc8 Rxc8 25. Bxd6 Rxc3 26. Rxa6 1-0

[Event "5th Classic Open 2013"]
[Site "London ENG"]
[Date "2013.12.13"]
[Round "7.52"]
[White "Millward, Kevin P"]
[Black "Haria, Ravi"]
[Result "1-0"]
[WhiteElo "1950"]
[BlackElo "2160"]
[WhiteFideId "404721"]
[BlackFideId "415820"]
[EventDate "2013.12.07"]

1. g3 d5 2. Bg2 e5 3. d3 Nc6 4. a3 Nf6 5. b4 Bd6 6. Nd2 O-O 7. Bb2 Re8 8. e3 a5
9. b5 Na7 10. c4 c6 11. bxc6 bxc6 12. Ne2 Bg4 13. h3 Bxe2 14. Qxe2 Rb8 15. Rb1
Qe7 16. O-O Bxa3 17. Bxa3 Qxa3 18. Ra1 Qc5 19. Ra2 e4 20. Rfa1 dxc4 21. d4 Qb4
22. Nxc4 Nb5 23. Qc2 Nc3 24. Ra3 Ncd5 25. Nxa5 Rbc8 26. Nb3 Qe7 27. Nc5 Rc7 28.
Ra8 g6 29. Nxe4 Nxe4 30. Qxe4 Qxe4 31. Bxe4 Rxa8 32. Rxa8+ Kg7 33. Bxd5 cxd5 34.
Rd8 1-0

[Event "5th Classic Open 2013"]
[Site "London ENG"]
[Date "2013.12.13"]
[Round "7.53"]
[White "Ethelontis, Alexandros N"]
[Black "Whatley, Stephen A J"]
[Result "1-0"]
[WhiteElo "2158"]
[BlackElo "1852"]
[WhiteFideId "405469"]
[BlackFideId "420441"]
[EventDate "2013.12.07"]

1. c4 Nf6 2. g3 g6 3. Bg2 Bg7 4. Nc3 e5 5. e4 d6 6. Nge2 Nc6 7. O-O O-O 8. f4
Be6 9. d3 Qd7 10. Nd5 Ne8 11. Be3 Nd4 12. f5 gxf5 13. Bxd4 exd4 14. exf5 Bxd5
15. cxd5 Nf6 16. Nf4 Qd8 17. Rc1 Re8 18. Nh5 Nxh5 19. Qxh5 Re5 20. Be4 Rc8 21.
Rf4 Qf6 22. Rh4 h6 23. Qf3 Qg5 24. Rf4 Qf6 25. h4 Kf8 26. Rc4 Ree8 27. Kg2 Re7
28. b4 Rce8 29. Rc2 Rd7 30. b5 Rde7 31. a4 Ra8 32. Rb2 b6 33. Qh5 Ke8 34. g4 Qe5
35. Rff2 Rd7 36. g5 hxg5 37. hxg5 Kd8 38. f6 Bf8 39. Bf5 1-0

[Event "5th Classic Open 2013"]
[Site "London ENG"]
[Date "2013.12.13"]
[Round "7.54"]
[White "Woong, Zhi Wei William"]
[Black "Ociepka, Adrian"]
[Result "1-0"]
[WhiteElo "1837"]
[BlackElo "2157"]
[WhiteFideId "5804906"]
[BlackFideId "1141937"]
[EventDate "2013.12.07"]

1. e4 e5 2. Nf3 Nc6 3. Bb5 a6 4. Ba4 Nf6 5. O-O Be7 6. Re1 b5 7. Bb3 d6 8. c3
O-O 9. d4 Bg4 10. d5 Na5 11. Bc2 c6 12. dxc6 h6 13. h3 Be6 14. Nbd2 Re8 15. Nf1
Nc4 16. b3 Nb6 17. Ne3 Rc8 18. Nh2 Rxc6 19. Bb2 d5 20. Nhg4 Nxe4 21. Nxe5 Rc8
22. c4 Bf6 23. Nxd5 Bxd5 24. cxd5 Rxe5 25. Bxe5 Bxe5 26. Bxe4 Bxa1 27. Qxa1 Qg5
28. Qd4 Nd7 29. Qe3 Qh4 30. Bf5 Qd8 31. d6 Rb8 32. Qf3 Nf6 33. d7 g6 34. Be4
Nxe4 35. Qxe4 Qxd7 36. Qe7 Qxe7 37. Rxe7 Rb6 38. Ra7 Kg7 39. Kf1 Re6 40. f4 Rf6
41. Ke2 Rxf4 42. Rxa6 b4 43. Rb6 h5 44. g3 Re4+ 45. Kf3 f5 46. Rc6 g5 47. Rb6 h4
48. gxh4 Rxh4 49. Kg3 Rd4 50. Ra6 Kf7 51. Rb6 Rd3+ 52. Kg2 Rd2+ 53. Kg3 Rxa2 54.
Rxb4 Ke6 55. h4 g4 56. Rb6+ Ke5 57. Rb5+ Ke4 58. Rb4+ Ke3 59. Rf4 Ra5 60. b4 Ra3
61. Rxf5 1-0